|
|
|
|
| LEADER |
00000nam0a2200000 4500 |
| 001 |
321050 |
| 005 |
20231102003333.0 |
| 035 |
|
|
|a (RuTPU)RU\TPU\book\346581
|
| 090 |
|
|
|a 321050
|
| 100 |
|
|
|a 20160810d1962 k y0rusy50 ca
|
| 101 |
1 |
|
|a rus
|c eng
|
| 102 |
|
|
|a RU
|
| 105 |
|
|
|a a z 001zy
|
| 200 |
1 |
|
|a Экстракция неорганических соединений
|e пер. с англ.
|f Р. М. Даймонд, Д. Г. Так
|
| 210 |
|
|
|a Москва
|c Госатомиздат
|d 1962
|
| 215 |
|
|
|a 88 с.
|c ил.
|
| 320 |
|
|
|a Библиогр.: с. 81-88
|
| 606 |
1 |
|
|a Неорганические соединения
|x Экстракция
|2 stltpush
|3 (RuTPU)RU\TPU\subj\45478
|9 64684
|
| 610 |
1 |
|
|a экстракционные методы
|
| 610 |
1 |
|
|a молекулы
|
| 610 |
1 |
|
|a псевдомолекулярные соединения
|
| 610 |
1 |
|
|a координационно несольватированные соли
|
| 610 |
1 |
|
|a минеральные кислоты
|
| 610 |
1 |
|
|a комплексные металлсодержащие кислоты
|
| 610 |
1 |
|
|a библиотека А. Г. Стромберга
|
| 675 |
|
|
|a 546.05
|v 4
|
| 700 |
|
1 |
|a Даймонд
|b Р. М.
|
| 701 |
|
1 |
|a Так
|b Д. Г.
|
| 801 |
|
1 |
|a RU
|b 63413507
|c 20160810
|
| 801 |
|
2 |
|a RU
|b 63413507
|c 20171108
|g RCR
|
| 942 |
|
|
|c BK
|